|
|
|
|
| LEADER |
01275pam a22003138a 4500 |
| 001 |
00045538 |
| 005 |
20200610160624.0 |
| 008 |
160222s2016 ||||||viesd |
| 020 |
# |
# |
|c 120000
|a 9786045430972
|
| 041 |
0 |
# |
|a vie
|
| 082 |
1 |
4 |
|a 507.1
|b D112H
|
| 245 |
1 |
0 |
|a Dạy học tích hợp phát triển năng lực học sinh
|c Trần Thị Thanh Thủy (ch.b); Nguyễn Công Khanh, Nguyễn Văn Ninh,.. [và những người khác]
|n Quyển 2
|
| 250 |
# |
# |
|a In lần thứ ba
|
| 260 |
# |
# |
|a Hà Nội
|b Đại học sư phạm
|c 2018
|
| 300 |
# |
# |
|c 27 cm.
|b minh họa
|a 232 tr.
|
| 500 |
# |
# |
|a Đầu bìa sách ghi: Trường Đại học Sư phạm Hà Nội
|
| 653 |
# |
# |
|a Dạy tích hợp
|
| 653 |
# |
# |
|a Khoa học tự nhiên
|
| 653 |
# |
# |
|a Trường phổ thông
|
| 653 |
# |
# |
|a Phương pháp giảng dạy
|
| 700 |
1 |
# |
|a Bùi, Xuân Anh
|
| 700 |
1 |
# |
|a Lưu, Thị Thu Hà
|
| 700 |
1 |
# |
|a Nguyễn, Công Khanh
|
| 700 |
1 |
# |
|a Nguyễn, Mạnh Hưởng
|
| 700 |
1 |
# |
|a Nguyễn, Văn Ninh
|
| 700 |
1 |
# |
|a Trần, Thị Thanh Thủy
|e Chủ biên
|
| 852 |
# |
# |
|j KGT.0059057
|j KD.0027208
|
| 910 |
0 |
# |
|d 10/6/2020
|
| 980 |
# |
# |
|a Trung tâm Học liệu Lê Vũ Hùng, Trường Đại học Đồng Tháp
|